| 000 | 004130000a22001690004500 | ||
|---|---|---|---|
| 003 | MACL | ||
| 005 | 20160105122728.0 | ||
| 008 | 160105b xxu||||| |||| 00| 0 eng d | ||
| 040 |
_aMACL _cMACL |
||
| 041 | _aEnglish | ||
| 082 | _a823/BAM | ||
| 100 |
_aBamfylde, Walter _927841 |
||
| 245 |
_aThe Road to Arcady _bA Romance |
||
| 260 |
_bMarston & Co. _aLondon |
||
| 650 |
_aNovel _9153 |
||
| 942 |
_cBK _k823/BAM _2ddc |
||
| 999 |
_c37628 _d37628 |
||